MST3K Short FTL: Posture Pals Quiz Stats

 Plays Quiz not verified by Sporcle

Challenge
Share
Tweet
Score 0/10 Timer 04:00
0 Plays Today
% Correct
With Dutch Elm disease.
96.8%
Just like his dad on Friday night.
95.7%
Here she reenacts her first DUI.
95.7%
It's Hitchcock.
94.1%
She'll be married.
94.1%
Valium?
93.5%
He's a loser, and the kids let him know it.
92.4%
No!
92.4%
Cause they're on the payroll.
88.6%
Their chances of being cool are ruined for life.
80%

You're not logged in!

Compare scores with friends on all Sporcle quizzes.
Join for Free
OR
Log In

You Might Also Like...

Show Comments

Extras

Top Quizzes Today


Score Distribution

Your Account Isn't Verified!

In order to create a playlist on Sporcle, you need to verify the email address you used during registration. Go to your Sporcle Settings to finish the process.

Report this User

Report this user for behavior that violates our Community Guidelines.

Details: